000 00268nam a22001097a 4500
040 _cSCME
100 _aMarshall,Leo
_9104868
245 _aAn introduction to composite materials
260 _aUSA
_bMurphy & moore publisher
_c2022
300 _a236p.
942 _2ddc
_cBK
999 _c592692
_d592692